| 000 | 00737nab a22001937a 4500 | ||
|---|---|---|---|
| 999 |
_c6093 _d6093 |
||
| 003 | OSt | ||
| 005 | 20260122064952.0 | ||
| 008 | 190502c xxu||||| |||| 00| 0 spa d | ||
| 040 | _cPJ | ||
| 100 | _aBlei, Berlín Hermann | ||
| 245 | 1 | 0 |
_aFundamento del deber de garante ante la omisión impropia / _cBerlín Hermann Blei. |
| 260 |
_aCiudad Autónoma de Buenos Aires : _bThomson Reuters La Ley, _c2024. |
||
| 300 | _ap. 3-16 | ||
| 505 | _a | ||
| 505 | _t¿Te interesa el texto completo? Solicitalo al correo: koha@justierradelfuego.gov.ar | ||
| 650 | 0 |
_9343 _aDERECHO PENAL |
|
| 773 | 0 |
_02729 _93180 _dBuenos Aires : LexisNexis, 2006- _tRevista de derecho penal y procesal penal. Nº 10 - Octubre 2024 _z9875920622 |
|
| 942 |
_2udc _cANA |
||